Drapeaux ayant le plus de la même couleur - Sans Drapeaux - Statistiques

Statistiques générales
  • Ce quiz a été pris 104 fois
  • Le résultat moyen est 12 sur 23
Statistiques - réponses
Couleur Pourcentage Pays % Correct
Rouge 97.6 % Chine
91%
Bleu 95.7 % Somalie
77%
Blanc 81.1 % Japon
76%
Bleu 97.7 % États Fédérés de Micronésie
69%
Rouge 97.0 % Maroc
67%
Rouge 90.6 % Tunisie
67%
Vert 94.8 % Arabie Saoudite
65%
Rouge 93.9 % Turquie
65%
Rouge 93.3 % Viêt Nam
63%
Rouge 80.1 % Suisse
49%
Bleu 82.3 % Palaos
48%
Bleu 91.2 % Kazakhstan
47%
Blanc 89.3 % Afghanistan
43%
Bleu 80.6 % Nouvelle-Zélande
41%
Rouge 91.1 % Kirghizistan
40%
Rouge 83.1 % Tonga
40%
Blanc 89.8 % Chypre
38%
Vert 83.8 % Turkménistan
38%
Bleu 89.5 % Nauru
37%
Rouge 87.1 % Albanie
30%
Bleu 86.3 % Sainte-Lucie
27%
Bleu 87.8 % Kosovo
24%
Rouge 80.0 % Lettonie
15%
Aucun quiz correspondant
Distribution des résultats
% des personnes avec chaque résultat
Percentile par nombre de réponses
Votre historique - résultats
Vous n’avez pas pris ce quiz